<?xml version="1.0" encoding="UTF-8"?>
<record
    xmlns:xsi="http://www.w3.org/2001/XMLSchema-instance"
    xsi:schemaLocation="http://www.loc.gov/MARC21/slim http://www.loc.gov/standards/marcxml/schema/MARC21slim.xsd"
    xmlns="http://www.loc.gov/MARC21/slim">

  <leader>00819nam a2200253 a 4500</leader>
  <controlfield tag="001">BRCA_8222</controlfield>
  <controlfield tag="005">20190320210201.0</controlfield>
  <controlfield tag="008">190514s1952----fr-a###f##---#000-0#fre-#</controlfield>
  <datafield tag="041" ind1=" " ind2=" ">
    <subfield code="a">fre</subfield>
  </datafield>
  <datafield tag="044" ind1=" " ind2=" ">
    <subfield code="a">fr</subfield>
  </datafield>
  <datafield tag="050" ind1=" " ind2="4">
    <subfield code="a">N7680</subfield>
    <subfield code="b">.N38 1952</subfield>
  </datafield>
  <datafield tag="245" ind1="1" ind2="0">
    <subfield code="a">La nature morte</subfield>
    <subfield code="b">de l&#xB4;antiquit&#xE9; a nos jours</subfield>
    <subfield code="c">Pr&#xE9;face de Amedeo Maiuri, introduction et catalogue par Charles Sterling.</subfield>
  </datafield>
  <datafield tag="260" ind1=" " ind2=" ">
    <subfield code="a">Francia</subfield>
    <subfield code="b">Mus&#xE9;e Nationaux</subfield>
    <subfield code="c">1952</subfield>
  </datafield>
  <datafield tag="300" ind1=" " ind2=" ">
    <subfield code="a">XLVII, 151 p.</subfield>
    <subfield code="b">il., 48 l&#xE1;minas</subfield>
    <subfield code="c">18 cm.</subfield>
  </datafield>
  <datafield tag="440" ind1=" " ind2="0">
    <subfield code="a">Orangeries des tuileries</subfield>
    <subfield code="9">20498</subfield>
  </datafield>
  <datafield tag="500" ind1=" " ind2=" ">
    <subfield code="a">T7</subfield>
  </datafield>
  <datafield tag="504" ind1=" " ind2=" ">
    <subfield code="a">Bibliograf&#xED;a p. XLIV-XLVII</subfield>
  </datafield>
  <datafield tag="650" ind1="1" ind2="4">
    <subfield code="a">Naturaleza muerta</subfield>
    <subfield code="z">Francia</subfield>
    <subfield code="9">20499</subfield>
  </datafield>
  <datafield tag="650" ind1="1" ind2="4">
    <subfield code="a">Bodeg&#xF3;n</subfield>
    <subfield code="v">Historia</subfield>
    <subfield code="z">Francia</subfield>
    <subfield code="9">20500</subfield>
  </datafield>
  <datafield tag="700" ind1="1" ind2=" ">
    <subfield code="a">Maiuri, Amedeo</subfield>
    <subfield code="e">Pref.</subfield>
    <subfield code="9">20501</subfield>
  </datafield>
  <datafield tag="700" ind1="1" ind2=" ">
    <subfield code="a">Sterling, Charles</subfield>
    <subfield code="e">intr.</subfield>
    <subfield code="9">14736</subfield>
  </datafield>
  <datafield tag="902" ind1=" " ind2=" ">
    <subfield code="a">GFM</subfield>
  </datafield>
  <datafield tag="942" ind1=" " ind2=" ">
    <subfield code="2">lcc</subfield>
    <subfield code="c">B</subfield>
  </datafield>
  <datafield tag="999" ind1=" " ind2=" ">
    <subfield code="c">7890</subfield>
    <subfield code="d">7890</subfield>
  </datafield>
  <datafield tag="952" ind1=" " ind2=" ">
    <subfield code="0">0</subfield>
    <subfield code="1">0</subfield>
    <subfield code="4">0</subfield>
    <subfield code="7">0</subfield>
    <subfield code="a">BRCA</subfield>
    <subfield code="b">BRCA</subfield>
    <subfield code="d">2014-05-19</subfield>
    <subfield code="i">T7</subfield>
    <subfield code="l">0</subfield>
    <subfield code="o">N7680 .N38 1952 (T7)</subfield>
    <subfield code="p">8846</subfield>
    <subfield code="r">2019-03-22 00:00:00</subfield>
    <subfield code="w">2019-03-22</subfield>
    <subfield code="y">B</subfield>
  </datafield>
</record>
